000 00306nam a2200109Ia 4500
008 220204s9999 xx 000 0 und d
082 _a339.564
_bSTA
100 _aSTAELIN, Charles P
245 0 _aIndian export incentives: A critical review
260 _aMichigan
_bUniversity of Michigan
_c1972
942 _cBK
999 _c23220
_d23220